000 01113naa a22003017a 4500
001 BR8204184
003 BR-BrBNA
005 20240918175128.0
007 ta
008 230509b bl.||||| |||| 00| 0 por d
040 _aBR-BrBNA
_bpor
_cBiblioteca Nacional de Agricultura
041 _a(Pt)
072 _aF00
_b1940
_b3575
_bG514
090 _aF00 BR8204184
100 1 _aAssuncao, M.V.
100 1 _aPinto, C.A. de S.
245 1 _aEfeito de desfolhamento na producao de sementes de sorgo forrageiro [Pentecoste, Ceara, Brasil]
260 3 _aFortaleza, CE (Brasil):
_c1982.
500 _aConvenio BNB/FCPC/UFC. Programa de Pesquisa com a cultura do sorgo. Relatorio de pesquisa 1981 Fortaleza, CE (Brasil): 1982. p. 27-31 (BR8204184-AM)F00
650 _aSORGO GRANIFERO
650 _aSEMENTE
650 _aDESFOLHA
650 _aPRODUTIVIDADE
650 _aCEARA
773 0 _tConvenio BNB/FCPC/UFC. Programa de Pesquisa com a cultura do sorgo. Relatorio de pesquisa 1981
_wF00 BR8204184
_gFortaleza, CE (Brasil), 1982. p. 27-31
909 _a202404
_bLucia
_c55
_dLucia Elande
942 _cAM
_2AGRIS
999 _c315167
_d315167